Catálogo
 En Linea

Un ensayo de divulgación científica sobre la naturaleza del cancer /. (Registro nro. 16617)

Detalles MARC
000 -CABECERA
campo de control de longitud fija 00667nam a2200181 a 4500
001 - NÚMERO DE CONTROL
campo de control 000017091
005 - FECHA Y HORA DE LA ÚLTIMA TRANSACCIÓN
campo de control 20250924073801.0
008 - DATOS DE LONGITUD FIJA--INFORMACIÓN GENERAL
campo de control de longitud fija 100317s1949 dr 001 0 spa d
040 ## - FUENTE DE LA CATALOGACIÓN
Centro catalogador/agencia de origen DO-SdBNP
Lengua de catalogación spa
Centro/agencia transcriptor BNPHU
082 ## - NÚMERO DE LA CLASIFICACIÓN DECIMAL DEWEY
Número de clasificación xxxx
Número de documento/Ítem P725e
049 ## - FONDOS LOCALES (OCLC)
Fondos de biblioteca BNPD
100 1# - ENTRADA PRINCIPAL--NOMBRE DE PERSONA
Nombre de persona Pieter., H.
9 (RLIN) 23017
245 13 - MENCIÓN DE TÍTULO
Título Un ensayo de divulgación científica sobre la naturaleza del cancer /.
260 ## - PUBLICACIÓN, DISTRIBUCIÓN, ETC.
Lugar de publicación, distribución, etc. Ciudad Trujillo, República Dominicana :
Nombre del editor, distribuidor, etc. Universidad Autónoma de Santo Domingo,
Fecha de publicación, distribución, etc. 1949.
300 ## - DESCRIPCIÓN FÍSICA
Extensión 23 p. ;
Dimensiones 23 cm.
490 1# - MENCIÓN DE SERIE
Mención de serie Publicaciones de la Universidad Autónoma de Santo Domingo
Designación de volumen o secuencia 65
830 ## - PUNTO DE ACCESO ADICIONAL DE SERIE-TÍTULO UNIFORME
Título uniforme Publicaciones de la Universidad Autónoma de Santo Domingo
Designación de volumen o secuencia 65
9 (RLIN) 52
Existencias
Estado de retiro Estado de pérdida Restricciones de uso No para préstamo Código de colección Localización permanente Ubicación/localización actual Ubicación en estantería Fecha de adquisición Número de inventario Total de préstamos Signatura topográfica completa Código de barras Fecha visto por última vez Número de copia Precio válido a partir de Tipo de ítem Koha Nota pública
        Dominicana de Servicio General General En catalogación 17.03.2010 LF1   xxxx P725e 17091-30 25.06.2020 e. 3 25.06.2020 Libro y Folleto Colección Dominicana de Servicio  
        Dominicana de Servicio General General En catalogación 15.06.2011 LF1   xxxx P725e 17091-40 25.06.2020 e. 4 25.06.2020 Libro y Folleto Colección Dominicana de Servicio  
        Dominicana de Servicio General General En catalogación 21.06.2011 LF1   xxxx P725e 17091-50 25.06.2020 e. 5 25.06.2020 Libro y Folleto Colección Dominicana de Servicio  
        Patrimonio Dominicano General General En catalogación 21.06.2011 LF1   xxxx P725e 17091-60 25.06.2020 e. 6 25.06.2020 Libro y Folleto Colección Patrimonio Dominicano  
      Excluido de préstamo Raros y valiosos Patrimonio Dominicano Patrimonio Dominicano Depósito 17.03.2010 LF1   xxxx P725e 17091-10 25.06.2020   25.06.2020 No se presta Perteneció a la biblioteca personal de Julio Ortega Frier.
      Excluido de préstamo Raros y valiosos Patrimonio Dominicano Patrimonio Dominicano Depósito 17.03.2010 LF1   xxxx P725e 17091-20 25.06.2020 e. 2 25.06.2020 No se presta Perteneció a la biblioteca personal de Martínez Boog.

Con tecnología Koha